Измерительная техника: научно-технический журнал; Метрология

Podrobná bibliografie
Korporativní autor: Всероссийский научно-исследовательский институт метрологической службы (570)
Shrnutí:Предыдущее название журнала: "Метрология и поверочное дело" (с 1939 по 1940 год) С 1940 года переименован и получил название "Измерительная техника" С 1969 г. по 2021 г. выходил с приложением "Метрология". В 2022 г. выпуск журнала "Метрология" приостановлен.
Печатная подписка на журнал (1940-1941 гг., 1955-2017 гг.) С 2020 г. журнал выписан в электронном виде. Доступ с платформы eLibrary.ru
Научно-технический журнал для учёных, студентов и профессорско-преподавательского состава вузов, соискателей грантов и учёных степеней кандидатов и докторов наук, а также для специалистов, занимающихся проблемами метрологии, разработкой и созданием средств измерений и методик измерений, и читателей, интересующихся современной наукой и техникой.
Jazyk:ruština
Vydáno: Москва, ВНИИМС, 1940-
Témata:
On-line přístup:Журнал на платформе eLIBRARY по подписке ТПУ
Официальный сайт журнала
Англоязычная версия журнала
Médium: MixedMaterials Elektronický zdroj Seriál
KOHA link:https://koha.lib.tpu.ru/cgi-bin/koha/opac-detail.pl?biblionumber=380457

MARC

LEADER 00000nas1a2200000 4500
001 380457
005 20231205145202.0
011 |a 0368-1025  |f 2949-5237 
035 |a (RuTPU)RU\TPU\prd\1509 
035 |a RU\TPU\prd\198 
090 |a 380457 
100 |a 20020216a19409999k||y0rusy50 ca 
101 0 |a rus 
102 |a RU 
110 |a afaz|||0yy0 
200 1 |a Измерительная техника  |e научно-технический журнал  |d Measurement Techniques  |f Всероссийский научно-исследовательский институт метрологической службы 
210 |a Москва  |c ВНИИМС  |d 1940- 
300 |a Предыдущее название журнала: "Метрология и поверочное дело" (с 1939 по 1940 год) С 1940 года переименован и получил название "Измерительная техника" С 1969 г. по 2021 г. выходил с приложением "Метрология". В 2022 г. выпуск журнала "Метрология" приостановлен.  
300 |a Печатная подписка на журнал (1940-1941 гг., 1955-2017 гг.) С 2020 г. журнал выписан в электронном виде. Доступ с платформы eLibrary.ru 
305 |a Издается с 1939 г. 
326 |a Периодичность - 12 номеров в год 
330 |a Научно-технический журнал для учёных, студентов и профессорско-преподавательского состава вузов, соискателей грантов и учёных степеней кандидатов и докторов наук, а также для специалистов, занимающихся проблемами метрологии, разработкой и созданием средств измерений и методик измерений, и читателей, интересующихся современной наукой и техникой. 
421 1 |0 380518  |x 0132-4713  |t Метрология  |o ежеквартальное приложение к научно-техническому журналу "Измерительная техника"  |c Москва  |n Стандартинформ  |d 1969-2022  |9 380518  |a Российская Федерация, Федеральное агентство по техническому регулированию и метрологии  |u http://elibrary.ru/title_about.asp?id=7893 
510 1 |a Measurement Techniques  |z eng 
606 1 |a Измерительная техника  |9 88461 
675 |a 681.2  |v 4  |z rus 
712 0 2 |a Всероссийский научно-исследовательский институт метрологической службы  |c (Москва)  |c (1991- )  |4 570  |9 23930 
801 0 |a RU  |b 63413507  |c 20231204  |g PSBO 
856 4 |u http://elibrary.ru/title_about.asp?id=8723  |z Журнал на платформе eLIBRARY по подписке ТПУ  
856 4 |u http://izmt.ru/  |z Официальный сайт журнала 
856 4 |u https://link.springer.com/journal/11018  |z Англоязычная версия журнала 
942 |c CR